2025-2026 Atlanta Falcons Roster - Statistics

General Stats
  • This quiz has been taken 44 times
  • The average score is 17 of 51
Answer Stats
Position Name % Correct
Quarterback Kirk Cousins
100%
Running Back Bijan Robinson
89%
Wide Receiver Drake London
84%
Defensive Lineman LaCale London
76%
Safety Jammie Robinson
73%
Tight End Kyle Pitts
70%
Cornerback A.J. Terrell Jr.
62%
Wide Receiver Darnell Mooney
62%
Running Back Tyler Allgeier
62%
Safety Jessie Bates III
59%
Defensive Lineman James Pearce Jr.
49%
Quarterback Easton Stick
46%
Safety Xavier Watts
46%
Defensive Lineman Jalon Walker
43%
Offensive Lineman Chris Lindstrom
41%
Wide Receiver David Sills
41%
Wide Receiver Casey Washington
38%
Cornerback Dee Alford
35%
Offensive Lineman Jake Matthews
35%
Linebacker Kaden Elliss
35%
Tight End Charlie Woerner
32%
Running Back Nathan Carter
32%
Placekicker Zane Gonzalez
30%
Punter Bradley Pinion
27%
Offensive Lineman Matthew Bergeron
27%
Offensive Lineman Ryan Neuzil
27%
Defensive Lineman Brandon Dorlus
24%
Defensive Lineman David Onyemata
24%
Tight End Feleipe Franks
24%
Cornerback Cobee Bryant
22%
Linebacker J.D. Bertrand
22%
Defensive Lineman Leonard Floyd
22%
Cornerback Mike Hughes
22%
Defensive Lineman Ruke Orhorhoro
22%
Offensive Lineman Jovaughn Gwyn
19%
Defensive Lineman Arnold Ebiketie
16%
Wide Receiver Dylan Drummond
16%
Offensive Lineman Elijah Wilkinson
16%
Linebacker Ronnie Harrison Jr.
16%
Defensive Lineman Kentavius Street
14%
Cornerback Mike Ford Jr.
14%
Cornerback Natrone Brooks
14%
Cornerback C.J. Henderson
11%
Wide Receiver Deven Thompkins
11%
Tight End Teagan Quitoriano
11%
Wide Receiver Chris Blair
8%
Defensive Lineman Elijah Garcia
5%
Offensive Lineman Jack Nelson
5%
Wide Receiver Malik Heath
5%
Offensive Lineman Michael Jerrell
5%
Offensive Lineman Kyle Hinton
3%
No matching quizzes found
Score Distribution
Percent of People with Each Score
Percentile by Number Answered
Your Score History
You have not taken this quiz